Moa valley / (Record no. 130221)
[ view plain ]
| 000 -LEADER | |
|---|---|
| fixed length control field | 00564nam a22002177a 4500 |
| 005 - DATE AND TIME OF LATEST TRANSACTION | |
| control field | 20170124110109.0 |
| 010 ## - LIBRARY OF CONGRESS CONTROL NUMBER | |
| LC control number | 561322 |
| 020 ## - INTERNATIONAL STANDARD BOOK NUMBER | |
| Terms of availability | 00.00 |
| International Standard Book Number | 246639695 |
| 035 ## - SYSTEM CONTROL NUMBER | |
| System control number | 561322 |
| 037 ## - SOURCE OF ACQUISITION | |
| Source of stock number/acquisition | Cen Lib/Ret |
| 040 ## - CATALOGING SOURCE | |
| Original cataloging agency | DPL |
| Language of cataloging | EN |
| 082 ## - DEWEY DECIMAL CLASSIFICATION NUMBER | |
| Classification number | N |
| Item number | DER |
| 100 ## - MAIN ENTRY--PERSONAL NAME | |
| Personal name | De Roo, Anne |
| 9 (RLIN) | 28628 |
| 245 ## - TITLE STATEMENT | |
| Title | Moa valley / |
| Statement of responsibility, etc | by Anne De Roo |
| 260 ## - PUBLICATION, DISTRIBUTION, ETC. (IMPRINT) | |
| Name of publisher, distributor, etc | Rupert Hart-Davis |
| Date of publication, distribution, etc | 1969 |
| Place of publication, distribution, etc | London |
| 270 ## - ADDRESS | |
| City | London |
| Address | 3 upper James Street Golden Square |
| 300 ## - PHYSICAL DESCRIPTION | |
| Extent | 204p. |
| Dimensions | 19cm(Hb) |
| 650 ## - SUBJECT ADDED ENTRY--TOPICAL TERM | |
| Topical term or geographic name as entry element | Literature |
| 9 (RLIN) | 6262 |
| 650 ## - SUBJECT ADDED ENTRY--TOPICAL TERM | |
| Topical term or geographic name as entry element | Novels |
| 9 (RLIN) | 13976 |
| 942 ## - ADDED ENTRY ELEMENTS (KOHA) | |
| Source of classification or shelving scheme | Dewey Decimal Classification |
| Koha item type | English Books |
| Classification part | N |
| Call number suffix | DER |
| Withdrawn status | Lost status | Damaged status | Not for loan | Home library | Current library | Date acquired | Source of acquisition | Cost, normal purchase price | Total Checkouts | Full call number | Barcode | Date last seen | Copy number | Cost, replacement price | Price effective from | Koha item type |
|---|---|---|---|---|---|---|---|---|---|---|---|---|---|---|---|---|
| Central Library | Central Library | 08/07/2015 | Cen Lib/Ret | 0.00 | N DER | 561322 | 08/07/2015 | 1 | 0.00 | 08/07/2015 | English Books |
